01009cam a2200265Mi 450000500170000000800410001702000150005802000180007303500210009104000500011204100080016206000100017024500930018026000630027330000550033650400530039165000370044465000360048165000430051765000450056065000390060565100420064465100320068670000250071820180601164025.0150727s2004 enkabd fr 001 0 eng d a0719067340 a9780719067341 a(OCoLC)249380579 aCO-BoUCMbspacJose A. GerenadJose A. Gerena0 aeng aWZ 5604aThe healing artsbhealth, disease and society in Europe, 1500 - 1800ceditor Peter Elmer aManchester (Inglaterra)bManchester University pressc2004 axxiv, 408 páginasbilustraciones, mapas, cuadros aIncluye referencias bibliográficas e índices 7aHistoria de la medicina zEuropa 7aEnfermedades xHistoriazEuropa 7aMedicina xAspectos religiososzEuropa 7aEnfermedades mentales xHistoriazEuropa 7aSalud pública xHistoriazEuropa 4aEuropaxAsuntos sanitariosy1500-1800 4aEuropaxHistoriay1500-18001 aElmer, Petereeditor